[Event "Unna Open 2023"]
[Site "Unna"]
[Date "2023.12.28"]
[Round "3.19"]
[White "Tkachuk, Sergiy"]
[Black "Ploeger, Marc Andre"]
[Result "1-0"]
[WhiteElo "2236"]
[BlackElo "1523"]
[Annotator "Medger,Gernot"]
[PlyCount "89"]
[EventDate "2023.12.??"]
[EventType "swiss"]
[EventRounds "7"]
[EventCountry "GER"]
[Tiebreak "Progressive score"]
[SourceVersionDate "2023.12.27"]

1. e4 e5 2. Nf3 Nf6 3. Nxe5 d6 4. Nf3 Nxe4 5. d3 Nf6 6. d4 d5 7. Bg5 Be7 8. Bd3
O-O 9. O-O Be6 10. c3 c6 11. Qc2 h6 12. Bh4 Nbd7 13. Nbd2 Re8 14. Rae1 Qc7 15.
Re2 Bd6 16. Rfe1 Bg4 17. Bg3 Rxe2 18. Rxe2 Re8 19. Rxe8+ Nxe8 20. Bf5 Bxf5 21.
Qxf5 Bxg3 22. hxg3 Nef6 23. Ne5 Qd6 24. Ndf3 Qe6 25. Qf4 Nxe5 26. Nxe5 Nh5 27.
Qh4 Nf6 28. g4 a6 29. f3 Nd7 30. Qd8+ Nf8 31. Kf2 Qf6 $11 32. Qxf6 gxf6 33. Nd3
Nd7 34. Nc5 Nxc5 35. dxc5 Kf8 36. Kg3 Kg7 37. Kf4 Kg6 38. b4 f5 39. gxf5+ Kf6
40. g4 Ke7 41. g5 hxg5+ 42. Kxg5 Kf8 43. Kf6 Ke8 44. Kg7 Ke7 45. f4 1-0

[Event "Unna Open 2023"]
[Site "Unna"]
[Date "2023.12.28"]
[Round "3.20"]
[White "Deno, Thomas"]
[Black "Hart, Theo"]
[Result "1/2-1/2"]
[WhiteElo "1542"]
[BlackElo "1889"]
[PlyCount "112"]
[EventDate "2023.12.??"]
[EventType "swiss"]
[EventRounds "7"]
[EventCountry "GER"]
[Tiebreak "Progressive score"]
[SourceVersionDate "2023.12.27"]

1. d4 d5 2. Nc3 Nf6 3. Bf4 e6 4. a3 Bd6 5. e3 Bxf4 6. exf4 Qd6 7. Qd2 a6 8. Nf3
Nbd7 9. b4 O-O 10. Bd3 b6 11. O-O Bb7 12. Rfe1 Rac8 13. b5 Nb8 14. Ne5 Qd8 15.
g4 axb5 16. Nxb5 c5 17. dxc5 bxc5 18. Qe3 g6 19. g5 Nh5 20. Be2 Ng7 21. Ng4 Nf5
22. Nf6+ Qxf6 23. gxf6 Nxe3 24. fxe3 Rfd8 25. c4 Nc6 26. Rad1 d4 27. exd4 Nxd4
28. Nxd4 Rxd4 29. Rxd4 cxd4 30. Rd1 Rd8 31. Bd3 h6 32. Rb1 Rd7 33. Rb6 g5 34.
fxg5 hxg5 35. a4 e5 36. a5 e4 37. Be2 d3 38. Bd1 e3 39. a6 Bxa6 40. Rxa6 e2 41.
Bxe2 dxe2 42. Ra8+ Kh7 43. Kf2 Kg6 44. Re8 Rd6 45. Rxe2 Rxf6+ 46. Ke3 Rc6 47.
Kd4 f5 48. Kd5 Rc8 49. c5 f4 50. Kd6 g4 51. c6 Kg5 52. Kd7 Rh8 53. c7 Kh4 54.
c8=Q Rxc8 55. Kxc8 Kh3 56. Kd7 g3 1/2-1/2

[Event "Unna Open 2023"]
[Site "Unna"]
[Date "2023.12.28"]
[Round "3.21"]
[White "Hart, Klaus"]
[Black "Buchhop, Rainer"]
[Result "1-0"]
[WhiteElo "1873"]
[BlackElo "1493"]
[PlyCount "49"]
[EventDate "2023.12.??"]
[EventType "swiss"]
[EventRounds "7"]
[EventCountry "GER"]
[Tiebreak "Progressive score"]
[SourceVersionDate "2023.12.27"]

1. Nf3 Nf6 2. c4 g6 3. b3 Bg7 4. Bb2 O-O 5. e3 d6 6. d4 c5 7. Be2 a5 8. Nc3 Na6
9. O-O Bd7 10. Rb1 Nc7 11. Nd2 cxd4 12. exd4 Bf5 13. Rc1 d5 14. Nf3 Bh6 15. Ra1
Rb8 16. Re1 Bd7 17. Ne5 Be8 18. Bf3 e6 19. Ba3 b5 20. Bxf8 Bxf8 21. cxb5 Nxb5
22. Nxb5 Bxb5 23. Rc1 Bb4 24. Re3 Nd7 25. Nc6 1-0

[Event "Unna Open 2023"]
[Site "Unna"]
[Date "2023.12.28"]
[Round "3.22"]
[White "Scholtyßek, Norbert"]
[Black "Krämer, Sascha"]
[Result "0-1"]
[WhiteElo "1497"]
[BlackElo "1858"]
[Annotator "Medger,Gernot"]
[PlyCount "90"]
[EventDate "2023.12.??"]
[EventType "swiss"]
[EventRounds "7"]
[EventCountry "GER"]
[Tiebreak "Progressive score"]
[SourceVersionDate "2023.12.27"]

1. f4 d5 2. Nf3 c5 3. e3 Nf6 4. b3 g6 5. Bb2 Bg7 6. Be2 Nc6 7. O-O O-O 8. a3 b6
9. Qe1 d4 10. Bd3 Nd5 11. c4 dxc3 12. dxc3 Bb7 13. Qe2 Nc7 14. Rd1 $11 Qb8 15.
c4 e5 16. fxe5 Re8 17. Ra2 Nxe5 18. Nxe5 Bxe5 19. Bxe5 Rxe5 20. e4 Qe8 21. Nc3
f5 22. Re1 Ne6 23. Nd5 Bxd5 24. cxd5 Nf4 25. Qc2 Nxd3 26. Qxd3 Rxe4 27. Rae2
Rxe2 28. Rxe2 Qd7 29. Qc4 Kf8 30. Re6 Re8 31. Qc3 Rxe6 32. Qh8+ Ke7 33. Qxh7+
Kd6 34. Qxd7+ Kxd7 35. dxe6+ Kxe6 36. Kf2 Ke5 37. Ke3 g5 38. g3 g4 39. a4 a6
40. Kd3 Kd5 41. Ke3 c4 42. bxc4+ Kxc4 43. Kf4 b5 44. axb5 axb5 45. Ke3 Kc3 0-1

[Event "Unna Open 2023"]
[Site "Unna"]
[Date "2023.12.28"]
[Round "3.23"]
[White "Schweda, Albert"]
[Black "Feldhaus, Thomas"]
[Result "1/2-1/2"]
[WhiteElo "1479"]
[BlackElo "1849"]
[Annotator "Medger,Gernot"]
[PlyCount "119"]
[EventDate "2023.12.??"]
[EventType "swiss"]
[EventRounds "7"]
[EventCountry "GER"]
[Tiebreak "Progressive score"]
[SourceVersionDate "2023.12.27"]

1. d4 d6 2. c4 e5 3. dxe5 dxe5 4. Qxd8+ Kxd8 5. Bg5+ f6 6. Bh4 Be6 7. e3 Nd7 8.
Nf3 c6 9. Be2 Kc7 10. Bg3 Nh6 11. h3 Nf5 12. Bh2 Nd6 13. Nbd2 a5 14. O-O Be7
15. Rfd1 Nc5 16. b3 Kc8 17. Ne1 Nde4 18. Nxe4 Nxe4 19. Bf3 Nc5 20. Nd3 Rd8 21.
Nxc5 $11 Rxd1+ 22. Rxd1 Bxc5 23. Be4 h6 24. a4 Kc7 25. Kf1 Be7 26. Ke2 Kb6 27.
f4 f5 28. Bc2 e4 29. Bg3 Rd8 30. Be1 Bf7 31. Rxd8 Bxd8 32. Bc3 g6 33. g3 Ka6
34. Bg7 h5 35. h4 b5 36. axb5+ cxb5 37. cxb5+ Kxb5 38. Kd2 Be7 39. Bd1 Bb4+ 40.
Bc3 Bc5 41. Be2+ Kb6 42. Bd1 Be8 43. Bc2 Bb5 44. Bf6 Bf1 45. Bc3 Kb5 46. Bf6
Bb4+ 47. Bc3 Kc5 48. Bb1 Ba6 49. Bc2 Bb5 50. Bb1 a4 51. Bxb4+ Kxb4 52. bxa4
Bxa4 53. Ba2 Bb3 54. Bb1 Kc4 55. Bc2 Ba2 56. Bd1 Bb1 57. Be2+ Kc5 58. Kc3 Ba2
59. Ba6 Be6 60. Be2 1/2-1/2

[Event "Unna Open 2023"]
[Site "Unna"]
[Date "2023.12.28"]
[Round "3.24"]
[White "Schulz, Robin"]
[Black "Freiknecht, Holger"]
[Result "0-1"]
[WhiteElo "1451"]
[BlackElo "1828"]
[PlyCount "60"]
[EventDate "2023.12.??"]
[EventType "swiss"]
[EventRounds "7"]
[EventCountry "GER"]
[Tiebreak "Progressive score"]
[SourceVersionDate "2023.12.27"]

1. e4 e5 2. f4 exf4 3. Nf3 Ne7 4. d4 Ng6 5. Bc4 Be7 6. O-O O-O 7. Nc3 c6 8. d5
d6 9. h3 Nd7 10. Nd4 Nde5 11. Bb3 c5 12. Nf3 c4 13. Nxe5 Nxe5 14. Ba4 a6 15.
Kh1 b5 16. Nxb5 axb5 17. Bxb5 f3 18. gxf3 Qb6 19. Bc6 Nxc6 20. dxc6 Qxc6 21.
Kh2 Be6 22. Qe1 d5 23. Rg1 f6 24. Bh6 Rf7 25. Qg3 g6 26. exd5 Qxd5 27. c3 Bd6
28. f4 Qh5 29. Rad1 Bc7 30. Rge1 Qxh6 0-1

[Event "Unna Open 2023"]
[Site "Unna"]
[Date "2023.12.28"]
[Round "3.25"]
[White "Medger, Gernot"]
[Black "Van Gaalen, Jakob"]
[Result "1-0"]
[WhiteElo "1813"]
[BlackElo "1451"]
[Annotator "Medger,Gernot"]
[PlyCount "117"]
[EventDate "2023.12.??"]
[EventType "swiss"]
[EventRounds "7"]
[EventCountry "GER"]
[Tiebreak "Progressive score"]
[SourceVersionDate "2023.12.27"]

1. d4 Nf6 2. Nc3 g6 3. e4 Bg7 4. f4 d6 5. e5 dxe5 6. dxe5 Qxd1+ 7. Kxd1 Nfd7 8.
Nf3 c6 9. Bc4 b5 10. Be2 a5 11. a3 O-O 12. Be3 Rd8 13. Ke1 Bb7 14. Kf2 Na6 15.
Ne4 Nc7 16. Nc5 Nxc5 17. Bxc5 Nd5 18. g3 e6 19. h4 Bf8 20. Bxf8 Rxf8 21. h5 Kg7
22. hxg6 hxg6 23. Ng5 Rh8 24. Bf3 c5 25. Ne4 Ba6 26. c3 c4 27. Nc5 Ra7 28. Rxh8
Kxh8 29. Nxa6 Rxa6 30. Bxd5 exd5 31. Rd1 b4 32. axb4 axb4 33. Ke3 bxc3 34. bxc3
Ra3 35. Kd4 Kg8 36. Rc1 Ra2 37. Kxd5 Rg2 38. Kxc4 Rxg3 39. Rd1 Rf3 40. Rd4 Kf8
41. Kb4 Rf1 42. Kc5 Ke7 43. c4 Rb1 44. Kc6 Rb4 45. Kc5 Rb8 46. Rd6 Rb1 47. Kc6
Rb4 48. Kd5 Rb1 49. c5 Rd1+ 50. Kc6 Rb1 51. Kc7 Rb4 52. Rf6 Rb5 53. c6 Rb4 54.
Kc8 Rb5 55. c7 Rb4 56. Rd6 Rb5 57. Ra6 Rb4 58. Ra7 Rxf4 59. Kb8 1-0

[Event "Unna Open 2023"]
[Site "Unna"]
[Date "2023.12.28"]
[Round "3.26"]
[White "Soppe, Peter"]
[Black "Bertschik, Jonas"]
[Result "1-0"]
[WhiteElo "1451"]
[BlackElo "1788"]
[PlyCount "91"]
[EventDate "2023.12.??"]
[EventType "swiss"]
[EventRounds "7"]
[EventCountry "GER"]
[Tiebreak "Progressive score"]
[SourceVersionDate "2023.12.27"]

1. c4 e5 2. Nc3 Nf6 3. Nf3 Nc6 4. b3 Bc5 5. Bb2 d6 6. g3 a6 7. Bg2 Bg4 8. O-O
Qd7 9. Ng5 h6 10. Nge4 Nxe4 11. Nxe4 Ba7 12. Kh1 Bh3 13. f4 Bxg2+ 14. Kxg2
O-O-O 15. e3 d5 16. cxd5 Qxd5 17. Qf3 f5 18. Nf2 e4 19. Qh5 Rhg8 20. Bc3 Rd6
21. h4 Bc5 22. a3 Ne7 23. b4 Ba7 24. Rfc1 Qe6 25. Qe2 g5 26. Be5 Rc6 27. b5
axb5 28. Qxb5 Rxc1 29. Rxc1 c5 30. Qa5 Bb8 31. Qa8 Kd7 32. Qxb7+ Ke8 33. Qxb8+
Kf7 34. Qd6 gxh4 35. Qxe6+ Kxe6 36. Rh1 hxg3 37. Rxh6+ Kd7 38. Nh3 Ng6 39. Rh7+
Ke6 40. Ng5+ Kd5 41. Rg7 Rxg7 42. Bxg7 Kc4 43. Kxg3 Kb3 44. Nf7 Kxa3 45. Ne5
Ne7 46. Bf8 1-0

[Event "Unna Open 2023"]
[Site "Unna"]
[Date "2023.12.28"]
[Round "3.27"]
[White "Reufer, Berthold"]
[Black "Willems, Marcus"]
[Result "1/2-1/2"]
[WhiteElo "1783"]
[BlackElo "1414"]
[Annotator "Medger,Gernot"]
[PlyCount "99"]
[EventDate "2023.12.??"]
[EventType "swiss"]
[EventRounds "7"]
[EventCountry "GER"]
[Tiebreak "Progressive score"]
[SourceVersionDate "2023.12.27"]

1. e4 c5 2. d4 cxd4 3. Nf3 d6 4. Nxd4 Nf6 5. Bb5+ Bd7 6. Qe2 g6 7. Bg5 Bg7 8.
c3 O-O 9. Bxf6 Bxf6 10. O-O Nc6 11. Bxc6 bxc6 12. Nd2 Rb8 13. N2f3 c5 14. Nb3
a5 15. Rab1 Be6 16. c4 Rb4 17. Nfd2 a4 18. Nc1 Rxb2 19. Rxb2 Bxb2 20. Nd3 Bc3
21. Nb1 Qa5 22. Rc1 Bf6 23. Qc2 Rb8 24. Na3 Bd7 25. h3 Qa8 26. Qe2 Bc6 27. f3
Bd4+ 28. Kh2 $11 Rb6 29. Rc2 Qb8 30. Qd2 d5+ 31. g3 dxe4 32. fxe4 Bxe4 33. Nb5
e5 34. Qe2 f5 35. Rd2 Bxd3 36. Qxd3 e4 37. Qa3 e3 38. Re2 Rxb5 39. cxb5 Qxb5
40. Rg2 e2 41. Qc1 Qd3 42. Qe1 Bc3 43. Qxe2 Qxe2 44. Rxe2 Kf7 45. Kg2 Kf6 46.
Kf3 Be5 47. Rc2 Bd4 48. Rc4 a3 49. Ra4 Bb2 50. Rc4 $11 1/2-1/2

[Event "Unna Open 2023"]
[Site "Unna"]
[Date "2023.12.28"]
[Round "3.28"]
[White "Öztekin, Atilla"]
[Black "Jorke, Roland"]
[Result "1-0"]
[WhiteElo "1780"]
[BlackElo "1386"]
[PlyCount "43"]
[EventDate "2023.12.??"]
[EventType "swiss"]
[EventRounds "7"]
[EventCountry "GER"]
[Tiebreak "Progressive score"]
[SourceVersionDate "2023.12.27"]

1. e4 d5 2. exd5 Qxd5 3. Nc3 Qa5 4. d4 Nf6 5. Nf3 Bg4 6. Bc4 c6 7. h3 Bh5 8.
Qe2 h6 9. Bd2 Qc7 10. g4 Bg6 11. Ne5 Nbd7 12. Nxg6 fxg6 13. O-O-O O-O-O 14. Be6
Kb8 15. Qf3 Ka8 16. Bf4 Qa5 17. d5 Nb8 18. Bxb8 Kxb8 19. dxc6 Qb6 20. Rxd8+
Qxd8 21. Rd1 Qc7 22. Nb5 1-0

[Event "Unna Open 2023"]
[Site "Unna"]
[Date "2023.12.28"]
[Round "3.29"]
[White "Stutt, Jonas"]
[Black "Hammerschmidt, Martin"]
[Result "0-1"]
[WhiteElo "1412"]
[BlackElo "1745"]
[PlyCount "90"]
[EventDate "2023.12.??"]
[EventType "swiss"]
[EventRounds "7"]
[EventCountry "GER"]
[Tiebreak "Progressive score"]
[SourceVersionDate "2023.12.27"]

1. e4 c5 2. Nf3 e6 3. d4 cxd4 4. Nxd4 Nf6 5. Nc3 d6 6. Bg5 Be7 7. Qd2 a6 8.
O-O-O b5 9. f4 Bb7 10. Bd3 Nbd7 11. Rde1 Qc7 12. Kb1 O-O-O 13. f5 e5 14. Nb3
Nc5 15. Nxc5 dxc5 16. Qc1 c4 17. Be2 Nxe4 18. Nxe4 Bxe4 19. Bxe7 Qxe7 20. Bg4
Bxc2+ 21. Qxc2 f6 22. Rd1 Rd4 23. Rxd4 exd4 24. Qe2 Qxe2 25. Bxe2 Re8 26. Bf3
Re5 27. Kc2 Kc7 28. g4 Re3 29. Rf1 Kd6 30. Kd2 Rd3+ 31. Kc2 a5 32. Bg2 Re3 33.
Kd2 Rd3+ 34. Kc2 Re3 35. Kd2 a4 36. Re1 Rd3+ 37. Kc2 a3 38. Rd1 Rxd1 39. Kxd1
axb2 40. Kc2 Ke5 41. Kxb2 Kf4 42. a3 Ke3 43. Bc6 Kd2 44. Be4 d3 45. Bf3 c3+ 0-1

[Event "Unna Open 2023"]
[Site "Unna"]
[Date "2023.12.28"]
[Round "3.30"]
[White "Deysenroth, Patrick"]
[Black "Le, Elias"]
[Result "1-0"]
[WhiteElo "1743"]
[BlackElo "1317"]
[PlyCount "33"]
[EventDate "2023.12.??"]
[EventType "swiss"]
[EventRounds "7"]
[EventCountry "GER"]
[Tiebreak "Progressive score"]
[SourceVersionDate "2023.12.27"]

1. e4 e5 2. Nc3 Nf6 3. f4 d6 4. Bc4 Nc6 5. d3 g6 6. Nf3 Bg7 7. O-O O-O 8. Qe1
Re8 9. Qh4 Nh5 10. f5 Qxh4 11. Nxh4 gxf5 12. Nxf5 Bxf5 13. Rxf5 Nf6 14. Bg5 Nd4
15. Rff1 b5 16. Nxb5 Nxc2 17. Rac1 1-0

[Event "Unna Open 2023"]
[Site "Unna"]
[Date "2023.12.28"]
[Round "3.31"]
[White "Soppe, Victoria"]
[Black "Wirthmann, Stefan"]
[Result "0-1"]
[WhiteElo "1275"]
[BlackElo "1733"]
[PlyCount "72"]
[EventDate "2023.12.??"]
[EventType "swiss"]
[EventRounds "7"]
[EventCountry "GER"]
[Tiebreak "Progressive score"]
[SourceVersionDate "2023.12.27"]

1. e4 e5 2. Nf3 Nc6 3. Bc4 Nf6 4. Ng5 d5 5. exd5 Na5 6. d3 Bd6 7. Bd2 Nxc4 8.
dxc4 h6 9. Nf3 O-O 10. h3 Qe7 11. Be3 c6 12. Nc3 Bb4 13. Qd2 Ne4 14. Qd3 Bf5
15. Bd2 Ng3 16. Qe3 Nxh1 17. O-O-O Bc5 18. Qxe5 Qxe5 19. Nxe5 Nxf2 20. Rf1 Rfe8
21. Nf3 Ne4 22. Nxe4 Bxe4 23. a3 cxd5 24. cxd5 Bxd5 25. b4 Bc4 26. Rd1 Be3 27.
Bxe3 Rxe3 28. Nd2 Be6 29. Kb2 Rc8 30. Nb1 Re2 31. Rd2 Rxd2 32. Nxd2 f5 33. Nf3
g5 34. Ne5 Kg7 35. c3 Kf6 36. Nf3 Bd5 0-1

[Event "Unna Open 2023"]
[Site "Unna"]
[Date "2023.12.28"]
[Round "3.32"]
[White "Vatter, Klaus"]
[Black "Jacob, Phil"]
[Result "1-0"]
[WhiteElo "1717"]
[BlackElo "1279"]
[Annotator "Medger,Gernot"]
[PlyCount "120"]
[EventDate "2023.12.??"]
[EventType "swiss"]
[EventRounds "7"]
[EventCountry "GER"]
[Tiebreak "Progressive score"]
[SourceVersionDate "2023.12.27"]

1. e4 e5 2. f4 d6 3. Nf3 exf4 4. d4 Nf6 5. Nc3 Be7 6. Bxf4 O-O 7. Bd3 Nbd7 8.
O-O Re8 9. Qd2 Nf8 10. Rae1 Ng6 11. Be3 Ng4 12. Bf2 Nxf2 13. Qxf2 Rf8 14. Nd5
Be6 15. Nxe7+ Qxe7 16. Qd2 h6 17. Re2 Qd7 18. h3 c6 19. Rfe1 Rfe8 20. e5 Rad8
21. Bxg6 fxg6 22. a3 Bd5 $11 23. Qe3 Bxf3 24. Qxf3 dxe5 25. dxe5 Qd4+ 26. Kh1
Re6 27. Qb3 Qd7 28. Re3 Qe7 29. c4 Re8 30. Qc3 c5 31. b4 Qc7 32. b5 b6 $11 33.
Re4 R8e7 34. Qg3 Qd8 35. R1e3 Qc7 36. Qe1 Re8 37. Qe2 R8e7 38. Kg1 Rf7 39. Rf3
Rfe7 40. Rfe3 Rf7 41. Qe1 Rfe7 42. Qg3 Qb8 43. Re1 Qc7 $11 44. R4e2 Qb8 45. Rd1
Rxe5 46. Rd5 Kh7 47. Rdxe5 Rd7 48. Qe3 Rd1+ 49. Re1 Rd4 50. Re4 Rd7 51. Re7 Rd4
52. Qe5 Qg8 53. Qe6 Qxe6 54. R1xe6 Rxc4 55. Rxa7 Rc1+ 56. Kh2 c4 57. Rxb6 c3
58. Rc6 c2 59. Rac7 Ra1 60. Rxc2 Rxa3 1-0

[Event "Unna Open 2023"]
[Site "Unna"]
[Date "2023.12.28"]
[Round "3.33"]
[White "Lauenstein, Nico"]
[Black "Klein, Andreas"]
[Result "0-1"]
[WhiteElo "1266"]
[BlackElo "1677"]
[PlyCount "112"]
[EventDate "2023.12.??"]
[EventType "swiss"]
[EventRounds "7"]
[EventCountry "GER"]
[Tiebreak "Progressive score"]
[SourceVersionDate "2023.12.27"]

1. d4 d6 2. c4 c6 3. Nf3 Qc7 4. Nc3 g6 5. e3 Bg7 6. Bd3 Nf6 7. h3 Nbd7 8. Bd2
a6 9. b4 O-O 10. O-O Re8 11. Qc2 e5 12. d5 e4 13. Nxe4 Nxe4 14. Bxe4 Bxa1 15.
Rxa1 Nf6 16. Bd3 cxd5 17. Bc3 Ne4 18. Bxe4 dxe4 19. Nd2 Qe7 20. Bb2 f6 21. c5
d5 22. Nb3 Bd7 23. Rd1 Bc6 24. Qc3 Rf8 25. Nd4 Rac8 26. Qb3 Qd7 27. Ra1 Ba4 28.
Qa3 Bb5 29. Qb3 Bc4 30. Qd1 Rf7 31. a4 h5 32. Kh2 Re8 33. g3 Rh7 34. Qd2 Ree7
35. a5 f5 36. Rg1 Qc7 37. Kh1 Qd7 38. Kh2 Ref7 39. Bc3 h4 40. g4 Qc7+ 41. Kh1
f4 42. exf4 Qxf4 43. Qxf4 Rxf4 44. Kg2 Rhf7 45. Be1 R7f6 46. g5 Rf7 47. Kh2 Bd3
48. Ne6 R7f5 49. Nd4 Rxf2+ 50. Bxf2 Rxf2+ 51. Rg2 e3 52. Kg1 Rf1+ 53. Kh2 Be4
54. Ne2 Bxg2 55. Kxg2 Rf2+ 56. Kg1 Rxe2 0-1

[Event "Unna Open 2023"]
[Site "Unna"]
[Date "2023.12.28"]
[Round "3.35"]
[White "Kasnatschenko, Ilayda"]
[Black "Richter, Marc"]
[Result "1/2-1/2"]
[WhiteElo "1242"]
[BlackElo "1651"]
[Annotator "Medger,Gernot"]
[PlyCount "51"]
[EventDate "2023.12.??"]
[EventType "swiss"]
[EventRounds "7"]
[EventCountry "GER"]
[Tiebreak "Progressive score"]
[SourceVersionDate "2023.12.27"]

1. d4 d5 2. c4 c6 3. Nf3 Nf6 4. Nc3 e6 5. Bg5 Be7 6. e3 h6 7. Bh4 Nbd7 8. Bd3
dxc4 9. Bxc4 Nd5 10. Bxe7 Qxe7 11. e4 N5b6 12. Bb3 O-O 13. O-O Rd8 14. Qe2 Qb4
15. Rab1 Nf6 16. Rfd1 Qe7 17. Bc2 g6 18. Rd2 Bd7 19. a3 Be8 20. Rbd1 Kg7 21. h3
Rac8 22. b4 Nbd7 23. Bb3 a5 24. Na2 axb4 25. axb4 Ra8 26. b5 $11 1/2-1/2

[Event "Unna Open 2023"]
[Site "Unna"]
[Date "2023.12.28"]
[Round "3.39"]
[White "Alnajmi, Mustafa"]
[Black "Deysenroth, Gerald"]
[Result "1-0"]
[WhiteElo "1608"]
[BlackElo "1236"]
[PlyCount "75"]
[EventDate "2023.12.??"]
[EventType "swiss"]
[EventRounds "7"]
[EventCountry "GER"]
[Tiebreak "Progressive score"]
[SourceVersionDate "2023.12.27"]

1. b3 d5 2. Bb2 Nc6 3. e3 Bf5 4. Nf3 a6 5. Be2 Nf6 6. Nh4 Bd7 7. d4 e6 8. Nf3
Bd6 9. O-O Qe7 10. c4 dxc4 11. bxc4 b6 12. Nbd2 Nd8 13. e4 Ba3 14. Bc3 Bb4 15.
Bxb4 Qxb4 16. Rb1 Qe7 17. Qc2 O-O 18. Rfe1 Nh5 19. g3 g6 20. e5 Ng7 21. Ne4 Ne8
22. h4 f5 23. Nc3 Bc6 24. d5 Bb7 25. Bf1 Rb8 26. Bg2 Nf7 27. Nd4 Ng7 28. Rbd1
Rfe8 29. dxe6 Nxe6 30. Bxb7 Rxb7 31. Nd5 Qf8 32. Nf6+ Kh8 33. Nxe8 Qxe8 34.
Nxe6 Qxe6 35. Qd3 c5 36. Qd5 Qc8 37. e6 Nh6 38. Qd8+ 1-0

[Event "Unna Open 2023"]
[Site "Unna"]
[Date "2023.12.28"]
[Round "3.40"]
[White "Barskij, Aleksandr"]
[Black "Schweda, Sven"]
[Result "1-0"]
[WhiteElo "1805"]
[BlackElo "1377"]
[Annotator "Medger,Gernot"]
[PlyCount "80"]
[EventDate "2023.12.??"]
[EventType "swiss"]
[EventRounds "7"]
[EventCountry "GER"]
[Tiebreak "Progressive score"]
[SourceVersionDate "2023.12.27"]

1. e4 e5 2. Nf3 Nc6 3. Bb5 d6 4. d4 exd4 5. Nxd4 Bd7 6. Bxc6 Bxc6 7. Nxc6 bxc6
8. Qd4 Nf6 9. Bg5 Be7 10. Nc3 O-O 11. O-O Re8 12. Rfe1 Nd7 13. Bxe7 Qxe7 14.
Qa4 c5 15. Nd5 Qd8 16. Qc6 Rc8 17. Rad1 Nf6 18. f3 Nxd5 19. exd5 Kf8 20. Qa4
Ra8 21. Qa5 Qb8 22. Rxe8+ Kxe8 23. Qa4+ Kf8 24. Qc6 Qd8 25. Re1 Rb8 26. b3 Rb6
$11 27. Qa4 a6 28. Re4 Qc8 29. b4 c6 30. bxc5 cxd5 31. cxb6 dxe4 32. Qd4 exf3
33. Qxd6+ Ke8 34. gxf3 Qxc2 35. Qb4 Qc1+ 36. Kf2 Qc2+ 37. Kg3 Qg6+ 38. Kf2 Qc2+
39. Ke3 Qxh2 40. b7 Kd7 1-0

[Event "Unna Open 2023"]
[Site "Unna"]
[Date "2023.12.28"]
[Round "3.41"]
[White "Lohkämper, Thomas"]
[Black "Stammen, York Magnus"]
[Result "1/2-1/2"]
[WhiteElo "1550"]
[BlackElo "1355"]
[Annotator "Medger,Gernot"]
[PlyCount "42"]
[EventDate "2023.12.??"]
[EventType "swiss"]
[EventRounds "7"]
[EventCountry "GER"]
[Tiebreak "Progressive score"]
[SourceVersionDate "2023.12.27"]

1. e4 e6 2. d4 d5 3. Nd2 Nf6 4. e5 Nfd7 5. Ngf3 c5 6. c3 Nc6 7. Be2 cxd4 8.
cxd4 Qb6 9. Nb3 Be7 10. O-O O-O 11. Be3 a5 $11 12. a4 f6 13. exf6 Nxf6 14. Ne5
Bd7 15. Bb5 Qd8 16. Bxc6 bxc6 17. Rc1 Qb6 18. Bg5 Ra7 19. Re1 Bd6 20. Nxd7 Rxd7
21. Rxe6 Ne4 $11 1/2-1/2

[Event "Unna Open 2023"]
[Site "Unna"]
[Date "2023.12.28"]
[Round "3.42"]
[White "Dolheimer, Peter"]
[Black "Dimitriadis, Elias"]
[Result "1-0"]
[WhiteElo "1253"]
[BlackElo "1540"]
[PlyCount "34"]
[EventDate "2023.12.??"]
[EventType "swiss"]
[EventRounds "7"]
[EventCountry "GER"]
[Tiebreak "Progressive score"]
[SourceVersionDate "2023.12.27"]

1. d4 d5 2. Nf3 Nf6 3. Bf4 Bf5 4. e3 e6 5. Bd3 Bxd3 6. Qxd3 c6 7. O-O Bd6 8.
Bxd6 Qxd6 9. Ne5 Nbd7 10. f4 Ne4 11. Qe2 Ndf6 12. Nd2 Nxd2 13. Qxd2 Ne4 14. Qe2
f6 15. Qh5+ Ke7 16. Qf7+ Kd8 17. Qxg7 Qf8 1-0

[Event "Unna Open 2023"]
[Site "Unna"]
[Date "2023.12.28"]
[Round "3.43"]
[White "Greiving, Leonard Simon"]
[Black "Weiner, Timon Liam"]
[Result "0-1"]
[WhiteElo "1535"]
[BlackElo "1270"]
[PlyCount "78"]
[EventDate "2023.12.??"]
[EventType "swiss"]
[EventRounds "7"]
[EventCountry "GER"]
[Tiebreak "Progressive score"]
[SourceVersionDate "2023.12.27"]

1. e4 c5 2. Nf3 e6 3. d3 Nc6 4. g3 d5 5. Nbd2 Nf6 6. Bg2 Be7 7. O-O O-O 8. e5
Nd7 9. Re1 Qc7 10. Qe2 Nb4 11. Nf1 b5 12. h4 a5 13. N1h2 Nb6 14. h5 h6 15. Ng4
Kh7 16. Qd2 Rh8 17. Qf4 Kg8 18. Re2 c4 19. d4 c3 20. a3 cxb2 21. Bxb2 Na6 22.
Ne3 b4 23. g4 Nc4 24. Nxc4 Qxc4 25. Rd2 Bd7 26. g5 Rf8 27. Bf1 Qc8 28. axb4
Bxb4 29. c3 Bxc3 30. Bxa6 Bxd2 31. Bxc8 Bxf4 32. Bxd7 hxg5 33. Nh2 Bd2 34. Ng4
Rxh5 35. Kg2 Rb8 36. Ba3 Bc3 37. Rd1 Rb3 38. Be7 Rb7 39. Bf6 Rh4 0-1

[Event "Unna Open 2023"]
[Site "Unna"]
[Date "2023.12.28"]
[Round "3.47"]
[White "Borch, Roland"]
[Black "Stein, Wolfgang"]
[Result "1-0"]
[WhiteElo "1382"]
[BlackElo "1261"]
[PlyCount "55"]
[EventDate "2023.12.??"]
[EventType "swiss"]
[EventRounds "7"]
[EventCountry "GER"]
[Tiebreak "Progressive score"]
[SourceVersionDate "2023.12.27"]

1. Nf3 e6 2. e4 d5 3. e5 c5 4. d4 cxd4 5. Nxd4 Nc6 6. Bb5 Bd7 7. Bxc6 bxc6 8.
O-O c5 9. Nf3 Ne7 10. Nc3 Nc6 11. Bf4 Be7 12. Qd2 O-O 13. Rfe1 a5 14. a4 Nb4
15. Rad1 Re8 16. b3 Qc7 17. Ng5 d4 18. Nce4 Rad8 19. Nf6+ gxf6 20. exf6 Bd6 21.
Bxd6 Qxd6 22. Nxe6 Kh8 23. Nxd8 Rxd8 24. Qh6 Rg8 25. Re7 Rg6 26. Qf8+ Rg8 27.
Qxf7 Bf5 28. Re8 1-0

[Event "Unna Open 2023"]
[Site "Unna"]
[Date "2023.12.28"]
[Round "3.48"]
[White "Konrad, Alechander"]
[Black "Demirörs, Emre"]
[Result "1-0"]
[WhiteElo "1625"]
[BlackElo "1162"]
[Annotator "Medger,Gernot"]
[PlyCount "78"]
[EventDate "2023.12.??"]
[EventType "swiss"]
[EventRounds "7"]
[EventCountry "GER"]
[Tiebreak "Progressive score"]
[SourceVersionDate "2023.12.27"]

1. e4 c5 2. Nf3 d6 3. d4 cxd4 4. Nxd4 Nf6 5. Nc3 g6 6. Be2 Bg7 7. O-O O-O 8.
Be3 Nc6 9. Kh1 Bd7 10. f3 a6 11. a4 Rc8 12. Qd2 Re8 13. Rfd1 Qc7 14. Nb3 Ne5
15. a5 Be6 16. Bb6 Nc4 17. Bxc4 Qxc4 18. Ra4 Qc6 19. Nd4 Qd7 20. Ra3 Nh5 21.
Nce2 f5 22. Nxe6 Qxe6 23. Nd4 Qf7 24. exf5 gxf5 $11 25. c3 Qg6 26. Qe3 e5 27.
Ne2 Kh8 28. Qd2 Rg8 29. Qxd6 Qxd6 30. Rxd6 Bf8 31. Re6 Bxa3 32. bxa3 Rce8 33.
Rh6 Ng7 34. h3 e4 35. Nf4 Re6 36. Nxe6 Nxe6 37. Rxe6 Rc8 38. fxe4 fxe4 39. Rxe4
Kg8 1-0

[Event "Unna Open 2023"]
[Site "Unna"]
[Date "2023.12.28"]
[Round "3.49"]
[White "Scholtyßek, Normann"]
[Black "Schulze-Ardey, Dario"]
[Result "1-0"]
[WhiteElo "1559"]
[BlackElo "1119"]
[PlyCount "43"]
[EventDate "2023.12.??"]
[EventType "swiss"]
[EventRounds "7"]
[EventCountry "GER"]
[Tiebreak "Progressive score"]
[SourceVersionDate "2023.12.27"]

1. b3 e5 2. Bb2 Nc6 3. e3 d5 4. Bb5 Bd6 5. f4 Bd7 6. Bxc6 Bxc6 7. fxe5 Be7 8.
Qg4 Bg5 9. Nf3 Bh6 10. Nc3 f6 11. O-O-O Ne7 12. exf6 gxf6 13. Qh5+ Ng6 14. Qxh6
Qd7 15. Nd4 O-O-O 16. Rhf1 Qg4 17. Nxc6 bxc6 18. Kb1 Qxg2 19. Kc1 Qg5 20. Qh3+
Rd7 21. Na4 Kd8 22. Bxf6+ 1-0